| 000 | 00649nam a2200205 a 4500 | ||
|---|---|---|---|
| 001 | 000032222 | ||
| 005 | 20200930063531.0 | ||
| 008 | 110713s2007 sp 000 0 spa d | ||
| 020 | _a978849742101 | ||
| 040 |
_aDO-SdBNP _bspa _cBNPHU |
||
| 082 |
_axxx _bxxx |
||
| 100 | 1 |
_aAlonso de Santos, José Luis _d1942- _923861 |
|
| 245 | 1 | 0 |
_aManual de teoría y práctica teatral / _cJosé Luis Alonso de Santos. |
| 260 |
_aMadrid : _bEditorial Castalia, _c2007. |
||
| 300 |
_a563 p. ; _c25 cm. |
||
| 490 | 1 |
_aCastalia universidad ; _v6 |
|
| 500 | _aIncluye índice | ||
| 504 | _aBibliografía : (p. 547-555) | ||
| 830 | 0 |
_aCastalia universidad ; _v6 _958297 |
|
| 999 |
_c31713 _d31713 |
||